Flags of Europe But You Are a Daltonist - Statistics

General Stats
  • This quiz has been taken 18 times
  • The average score is 42 of 45
Answer Stats
Picture Answer % Correct
Albania
100%
Bosnia & Herzegovina
100%
Denmark
100%
Estonia
100%
Finland
100%
Germany
100%
Iceland
100%
Monaco
100%
Netherlands
100%
Poland
100%
Romania
100%
Russia
100%
Serbia
100%
Slovenia
100%
Spain
100%
Sweden
100%
Ukraine
100%
United Kingdom
100%
Vatican City
100%
Belarus
94%
France
94%
Italy
94%
Kosovo
94%
Malta
94%
Moldova
94%
North Macedonia
94%
San Marino
94%
Belgium
88%
Croatia
88%
Czech Republic
88%
Greece
88%
Latvia
88%
Norway
88%
Slovakia
88%
Switzerland
88%
Austria
81%
Bulgaria
81%
Hungary
81%
Ireland
81%
Liechtenstein
81%
Lithuania
81%
Montenegro
81%
Portugal
81%
Andorra
75%
Luxembourg
75%
No matching quizzes found
Score Distribution
Percent of People with Each Score
Percentile by Number Answered
Your Score History
You have not taken this quiz